Vista normal
Vista MARC
Entrada Materia (personas)
Número de registros utilizados en: 1
001 - CONTROL NUMBER
- control field: 36426
003 - CONTROL NUMBER IDENTIFIER
- control field: Co-BoUCM
005 - DATE AND TIME OF LATEST TRANSACTION
- control field: 20130429113100.0
008 - FIXED-LENGTH DATA ELEMENTS
- fixed length control field: 130429|| aca||aabn | a|a d
040 ## - CATALOGING SOURCE
- Original cataloging agency: Co-BoUCM
- Transcribing agency: Co-BoUCM
100 ## - HEADING--PERSONAL NAME
- Personal name: Bolívar, Simón
- Dates associated with a name: (1783-1830)
- General subdivision: Manuels d'enseignement supérieur.
670 ## - SOURCE DATA FOUND
- Source citation: Work cat.: (Co-BoUCM)165975: Lavallé, Bernard 36424, L'Amérique espagnole, 2004